000
00261nam a2200085Ia 4500
245
0
_a
It's our turn to eat : the story of a Kenyan whistleblower
100
_a
WRONG, Michela London, 2009
_9
76372
942
_c
BK
008
210817s9999 xx 000 0 und d
999
_c
273060
_d
273059